La Educacion en Nueva España en el siglo XVIII / (Record no. 70107)
[ view plain ]
| 000 -LEADER | |
|---|---|
| fixed length control field | 00474cam a2200169 4500 |
| 008 - FIXED-LENGTH DATA ELEMENTS--GENERAL INFORMATION | |
| fixed length control field | 1970 spa |
| 050 #4 - LIBRARY OF CONGRESS CALL NUMBER | |
| Classification number | LA421 |
| Item number | .5 L85 1970 |
| 100 1# - MAIN ENTRY--PERSONAL NAME | |
| Personal name | Luque Alcaide, Elisa |
| 245 #3 - TITLE STATEMENT | |
| Title | La Educacion en Nueva España en el siglo XVIII / |
| Statement of responsibility, etc | Elisa Luque Alcaide. |
| 260 an - PUBLICATION, DISTRIBUTION, ETC. (IMPRINT) | |
| Date of publication, distribution, etc | 1970 |
| 300 ## - PHYSICAL DESCRIPTION | |
| Extent | xliv, 403 p. ; |
| Dimensions | 24 cm. |
| 500 ## - GENERAL NOTE | |
| General note | 1 ejemplar |
| 650 #4 - SUBJECT ADDED ENTRY--TOPICAL TERM | |
| Topical term or geographic name as entry element | Educacion |
| General subdivision | Mexico |
| -- | Historia |
| 942 ## - ADDED ENTRY ELEMENTS (KOHA) | |
| Source of classification or shelving scheme | Biblioteca del Cogreso de los Estados Unidos |
| Koha item type | Libro |
| Estado de pérdida | Fuente de clasificación | Estado del daño | No para préstamo | Ubicación permanente | Ubicación actual | Apartado o colección | Fecha de adquisición | Área del conocimiento | Clasificación | Código de Barras | Date last seen | Número de copia | Tipo de recurso |
|---|---|---|---|---|---|---|---|---|---|---|---|---|---|
| Biblioteca del Cogreso de los Estados Unidos | Biblioteca del Instituto de Investigaciones Históricas | Biblioteca del Instituto de Investigaciones Históricas | General | 25/10/2018 | Educación y Humanidades | LA421.5 L85 1970 | IIH000027122 | 25/10/2018 | C:1 | Libro |